| 000 | 01072nam a22001937a 4500 | ||
|---|---|---|---|
| 005 | 20250207142343.0 | ||
| 010 | _aHIN-128217 | ||
| 020 |
_c325.00 _a9788119936175 |
||
| 035 | _aHN-100563 | ||
| 037 | _bDBAD | ||
| 082 | _a759.95413 | ||
| 100 |
_aअमन, अवधेश _977447 |
||
| 245 |
_aकम्पनी काल में पटना शैली की चित्रकला/ _cअवधेश अमन; प्रताप कुमार मोहन्ती द्वारा संपादित |
||
| 260 |
_aनई दिल्ली _bप्रकाशन विभाग, सूचना और प्रसारण मंत्रालय, भारत सरकार _c2024 |
||
| 270 |
_aसूचना भवन, सी. जी. ओ. कॉम्पलेक्स, लोधी रोड, _bनई दिल्ली- _e110003 |
||
| 300 |
_a118पृ. _c24सेमी(अजिल्द) |
||
| 700 |
_aमोहन्ती प्रताप कुमार _970122 |
||
| 942 |
_2ddc _cHN _h759.95413 _mअमन |
||
| 999 |
_c205073 _d205073 |
||